Численное моделирование эффекта резонансного поглощения электромагнитных волн в среде со спиральной симметрией; Доклады Томского государственного университета систем управления и радиоэлектроники; Т. 27, № 3
| Parent link: | Доклады Томского государственного университета систем управления и радиоэлектроники/ Томский государственный университет систем управления и радиоэлектроники.— .— Томск: Изд-во ТУСУР.— 1818-0442 Т. 27, № 3.— 2024.— С. 73-78 |
|---|---|
| Auteur principal: | |
| Autres auteurs: | , |
| Résumé: | Представлено сравнение экспериментальных данных по прохождению электромагнитных волн через среду, обладающую спиральной симметрией, с результатами, полученными при помощи расчётов на основе модели рассматриваемой среды в виде массива спиральных антенн. Показано, что данная модель позволяет адекватно описывать рассматриваемый процесс в рамках соответствующих приближений Текстовый файл AM_Agreement |
| Langue: | russe |
| Publié: |
2024
|
| Sujets: | |
| Accès en ligne: | https://doi.org/10.21293/1818-0442-2024-27-3-73-78 |
| Format: | Électronique Chapitre de livre |
| KOHA link: | https://koha.lib.tpu.ru/cgi-bin/koha/opac-detail.pl?biblionumber=678942 |
MARC
| LEADER | 00000naa2a2200000 4500 | ||
|---|---|---|---|
| 001 | 678942 | ||
| 005 | 20250904154048.0 | ||
| 090 | |a 678942 | ||
| 100 | |a 20250304d2024 k||y0rusy50 ba | ||
| 101 | 0 | |a rus | |
| 102 | |a RU | ||
| 135 | |a drcn ---uucaa | ||
| 181 | 0 | |a i |b e | |
| 182 | 0 | |a b | |
| 183 | 0 | |a cr |2 RDAcarrier | |
| 200 | 1 | |a Численное моделирование эффекта резонансного поглощения электромагнитных волн в среде со спиральной симметрией |f Кривин Н. Н., Понамарев Д. Е., Шипуля М. А. | |
| 203 | |a Текст |b визуальный |c электронный | ||
| 283 | |a online_resource |2 RDAcarrier | ||
| 320 | |a Список литературы: 36 назв | ||
| 330 | |a Представлено сравнение экспериментальных данных по прохождению электромагнитных волн через среду, обладающую спиральной симметрией, с результатами, полученными при помощи расчётов на основе модели рассматриваемой среды в виде массива спиральных антенн. Показано, что данная модель позволяет адекватно описывать рассматриваемый процесс в рамках соответствующих приближений | ||
| 336 | |a Текстовый файл | ||
| 371 | 0 | |a AM_Agreement | |
| 461 | 1 | |t Доклады Томского государственного университета систем управления и радиоэлектроники |f Томский государственный университет систем управления и радиоэлектроники |c Томск |0 37909 |9 37909 |n Изд-во ТУСУР |x 1818-0442 | |
| 463 | 1 | |t Т. 27, № 3 |v С. 73-78 |d 2024 | |
| 610 | 1 | |a электронный ресурс | |
| 610 | 1 | |a труды учёных ТПУ | |
| 610 | 1 | |a численное моделирование | |
| 610 | 1 | |a массив антенн | |
| 610 | 1 | |a спиральная симметрия | |
| 700 | 1 | |a Кривин |b Н. Н. |g Николай Николаевич | |
| 701 | 1 | |a Понамарев |b Д. Е. |g Дмитрий Евгеньевич | |
| 701 | 1 | |a Шипуля |b М. А. |c физик |c доцент Томского политехнического университета, кандидат физико-математических наук |f 1986- |g Михаил Алексеевич |9 22751 | |
| 801 | 0 | |a RU |b 63413507 |c 20250304 | |
| 850 | |a 63413507 | ||
| 856 | 4 | |u https://doi.org/10.21293/1818-0442-2024-27-3-73-78 |z https://doi.org/10.21293/1818-0442-2024-27-3-73-78 | |
| 942 | |c CF | ||